| 000 | 00420aam a2200169 4500 | ||
|---|---|---|---|
| 005 | 20170224190923.0 | ||
| 008 | 150727b xxu||||| |||| 00| 0 spa d | ||
| 041 | _aInglés | ||
| 082 | _a428 R153t | ||
| 100 |
_aRaimes, Ann _940732 |
||
| 245 | _aTechniques in teaching writing | ||
| 260 |
_aInglaterra _bOxford _c1983 |
||
| 300 | _a164 páginas | ||
| 650 |
_aINGLÉS _92062 |
||
| 650 |
_a ENSEÑANZA _9236 |
||
| 942 | _cBK | ||
| 999 |
_c8717 _d8717 |
||